Normal view MARC view

Entry Personal Name

Number of records used in: 1

001 - CONTROL NUMBER

  • control field: 143

003 - CONTROL NUMBER IDENTIFIER

  • control field: DLC

005 - DATE AND TIME OF LATEST TRANSACTION

  • control field: 20191115104432.0

008 - FIXED-LENGTH DATA ELEMENTS

  • fixed length control field: 961107n| azannaab |a aaa

010 ## - LIBRARY OF CONGRESS CONTROL NUMBER

  • LC control number: n 89271275

040 ## - CATALOGING SOURCE

  • Original cataloging agency: DLC
  • Transcribing agency: DLC
  • Modifying agency: DLC
  • Description conventions: rda

053 #0 - LC CLASSIFICATION NUMBER

  • Classification number element--single number or beginning number of span: PK2097.S67

100 0# - HEADING--PERSONAL NAME

  • Personal name: Śrīnivāsadāsa,
  • Dates associated with a name: 1850-1887

370 ## - ASSOCIATED PLACE

  • Associated country: India

374 ## - OCCUPATION

  • Occupation: Authors, Hindi

375 ## - GENDER

  • Gender: male

377 ## - ASSOCIATED LANGUAGE

  • Language code: hin

400 0# - SEE FROM TRACING--PERSONAL NAME

  • Personal name: Śrīnivāsa,
  • Dates associated with a name: 1850-1887

400 0# - SEE FROM TRACING--PERSONAL NAME

  • Personal name: Shreenivas Das,
  • Dates associated with a name: 1850-1887

400 0# - SEE FROM TRACING--PERSONAL NAME

  • Personal name: Śrīnivāsa Dāsa,
  • Dates associated with a name: 1850-1887

670 ## - SOURCE DATA FOUND

  • Source citation: Śrīnivāsa granthāvalī, 1953:
  • Information found: t.p. (Śrīnivāsa)

670 ## - SOURCE DATA FOUND

  • Source citation: NBIL, 1966- :
  • Information found: v. 2, p. 60 (Śrīnivāsadāsa, 1850-1887)

670 ## - SOURCE DATA FOUND

  • Source citation: Lālā Śrīnivāsadāsa, 2008:
  • Information found: t.p. verso (Lala Shreenivas Das)

670 ## - SOURCE DATA FOUND

  • Source citation: Parīkshā-guru, 2012:
  • Information found: t.p. (Śrīnivāsa Dāsa)

Powered by Koha